| 000 | 01466cam a22004097a 4500 | ||
|---|---|---|---|
| 003 | CHAP | ||
| 005 | 20220817044541.0 | ||
| 008 | 120914s2012 it a r 00010 eng d | ||
| 010 | _a103945 | ||
| 011 | _a104917 | ||
| 020 | _a97892551071731 | ||
| 035 | _a115607 | ||
| 040 | _cCHAP | ||
| 082 |
_a631.5 _bF34y v.15 |
||
| 110 | 2 | _aFAO | |
| 245 | 1 | 0 |
_aConservation agriculture and sustainable crop intensification in Karatu District, Tanzania _c/por Marietha Owenya ...[et al.] |
| 260 |
_aRome : _bFAO, _c2012 |
||
| 300 |
_ax, 40 p. : _bilus. ; gráfs. ; cuadros |
||
| 490 | 0 |
_aFAO. Gestión integrada de cultivos _v; 15 |
|
| 590 |
_aBATCH-UPD _b10 _c20130110 _lUCH01 _h0257 |
||
| 590 |
_aBATCH-UPD _b10 _c20130110 _lUCH01 _h0316 |
||
| 590 |
_aBATCH-UPD _b10 _c20130110 _lUCH01 _h0411 |
||
| 590 |
_aBATCH-UPD _b10 _c20130409 _lUCH01 _h2222 |
||
| 590 |
_aBATCH-UPD _b10 _c20130409 _lUCH01 _h2322 |
||
| 590 |
_aBATCH-UPD _b10 _c20130409 _lUCH01 _h2326 |
||
| 590 |
_aBATCH-UPD _b10 _c20130913 _lUCH01 _h1832 |
||
| 590 |
_aBATCH-UPD _b10 _c20130913 _lUCH01 _h2018 |
||
| 590 |
_aCONVERSION _b10 _c20130109 _lUCH01 _h1357 |
||
| 650 | 4 | _aAgricultura sustentable. | |
| 650 | 4 |
_aCambios climáticos. _917792 |
|
| 650 | 4 |
_aSuelos _xDegradación. _9110336 |
|
| 700 | 1 |
_aOwenya, Marietha _984442 |
|
| 830 | 0 | 0 |
_aFAO. Gestión integrada de cultivos _v; 15 _939569 |
| 901 | _aBK | ||
| 942 | _cLIBRO | ||
| 949 |
_a631.5 F34y v.15 _bBC _cFAO _d33724002346173 _eFAO1 _gDonaciØn _h117360 _i115607 _st |
||
| 999 |
_c103945 _d103945 |
||